000 00942nmm a2200289 a 4500
001 ocm000580761
003 TR-IsHL
005 20201028120257.0
008 130625s2012 tu tur
007 cr cn
020 _a9786055506872
035 _a580761
_b(N$T)
050 0 4 _aPR6057.S53
_bK85 2012
090 0 4 _aPR6057.S53
_bK85 2012
100 1 _aShamsie, Kamila
245 1 0 _aKül olmuş gölgeler
_h[electronic resource] /
_cKamila Shamsie ; çev. Gülden Özbilun
250 _a1. bs.
260 _aİstanbul :
_bBilge Kültür Sanat,
_c2012
300 _a400 p.
650 4 _aDil ve Edebiyat
650 4 _aLanguage and Literature
650 0 _aİngiliz romanı
650 0 _aEnglish fiction
650 7 _aLITERARY COLLECTIONS / European / English, Irish, Scottish, Welsh
_2bisacsh
700 1 _aÖzbilun, Gülden
856 4 0 _uhttp://search.ebscohost.com/login.aspx?direct=true&scope=site&db=e011xww&AN=580761
999 _c700
_d700